Music Quiz

Random Music or Song Quiz

Led Zeppelin Songs Quiz Stats

 Plays Quiz Updated Feb 4, 2019

Support Sporcle.
Go Orange.
Score 0/81 Timer 12:00
7 Plays Today
Song % Correct
Stairway to Heaven
94.1%
Black Dog
86.7%
Kashmir
79.1%
Immigrant Song
78%
Whole Lotta Love
77.7%
Rock and Roll
75.9%
Dazed and Confused
72.8%
Houses of the Holy
72.6%
When the Levee Breaks
70.8%
Communication Breakdown
69%
Going to California
68.6%
Good Times Bad Times
67.8%
Heartbreaker
67.3%
Misty Mountain Hop
66.1%
The Lemon Song
66%
Ramble On
65.1%
D'yer Mak'er
64.7%
Moby Dick
64.3%
The Ocean
64.2%
Babe I'm Gonna Leave You
62.8%
Over the Hills and Far Away
62.6%
The Battle of Evermore
62.1%
The Rain Song
60%
Living Loving Maid (She's Just a Woman)
59.9%
Achilles Last Stand
59.6%
Tangerine
58.9%
The Song Remains the Same
58.3%
Song % Correct
Four Sticks
58.1%
No Quarter
58%
Gallows Pole
53.8%
Thank You
53.7%
Fool in the Rain
53.6%
All My Love
53.5%
Since I've Been Loving You
52.9%
What Is and What Should Never Be
52.6%
Trampled Under Foot
50.2%
Custard Pie
49.2%
Friends
49%
In My Time of Dying
48.3%
Dancing Days
47.5%
Bron-Y-Aur Stomp
47.3%
How Many More Times
47.1%
The Crunge
47.1%
Celebration Day
47%
Black Mountain Side
46.6%
Hot Dog
46.5%
Bring It On Home
46.5%
The Rover
46.2%
In the Evening
46.2%
Hats Off to (Roy) Harper
45.6%
I Can't Quit You Baby
45.2%
I Can't Quit You Baby
45.2%
Your Time Is Gonna Come
45%
You Shook Me
44.4%
Song % Correct
Nobody's Fault but Mine
43.3%
Ten Years Gone
43%
Bron-Yr-Aur
42%
Out on the Tiles
41.9%
In the Light
41.5%
That's the Way
39.8%
The Wanton Song
39%
Down by the Seaside
38.9%
Carouselambra
38.7%
Boogie with Stu
37.2%
Tea for One
36.5%
Black Country Woman
36.1%
Night Flight
34.1%
Sick Again
33.9%
Candy Store Rock
33.3%
Bonzo's Montreux
32.5%
Poor Tom
31.9%
Royal Orleans
30.6%
I'm Gonna Crawl
30.5%
Darlene
29.3%
South Bound Saurez
28.3%
Ozone Baby
28.2%
For Your Life
28%
Hots On for Nowhere
28%
We're Gonna Groove
27.5%
Wearing and Tearing
26.4%
Walter's Walk
25%

From the Vault

Did It Win Best Picture in the '60s?

by bhenderson79

Movies 2m
We like to admire these quizzes for how trends in movie poster design have changed over the decades.
Remove Ads.
Support Sporcle.
Get the best of Sporcle when you Go Orange. This ad-free experience offers more features, more stats, and more fun while also helping to support Sporcle. Thank you for becoming a member.

Show Comments

Extras

Top Quizzes Today


Score Distribution

Your Account Isn't Verified!

In order to create a playlist on Sporcle, you need to verify the email address you used during registration. Go to your Sporcle Settings to finish the process.

Report this User

Report this user for behavior that violates our Community Guidelines.

Details: